Dầu hỏa miền Nam Việt Nam

Đã lưu trong:
書目詳細資料
主要作者: Trần Kim Thạch
格式: 圖書
語言:Undetermined
出版: Sài Gòn Lửa thiêng 1972
主題:
標簽: 添加標簽
沒有標簽, 成為第一個標記此記錄!
Thư viện lưu trữ: Trung tâm Học liệu Trường Đại học Cần Thơ
LEADER 00467nam a2200169Ia 4500
001 CTU_3415
008 210402s9999 xx 000 0 und d
082 |a 553.282 
082 |b Th102 
100 |a Trần Kim Thạch 
245 0 |a Dầu hỏa miền Nam Việt Nam 
245 0 |c Trần Kim Thạch 
260 |a Sài Gòn 
260 |b Lửa thiêng 
260 |c 1972 
650 |a petroleum 
980 |a Trung tâm Học liệu Trường Đại học Cần Thơ